The Lost Quiz Stats

 Plays Quiz Updated May 30, 2019

Score 0/18 Timer 06:00
0 Plays Today
Hint Answer % Correct
Sofia Coppola's 2003 film with Bill MurrayLost in Translation
71.5%
The first film in the Indiana Jones franchiseRaiders of the Lost Ark
69.1%
The sequel to Jurassic ParkThe Lost World
68.7%
Danger, Will Robinson!Lost in Space
60.5%
1987 vampire film with a young Jack BauerThe Lost Boys
54.6%
John Milton's epic poemParadise Lost
47.1%
2009 Dan Brown novelThe Lost Symbol
38.6%
Sid and Marty Krofft children's television seriesLand of the Lost
31.8%
The Righteous Brothers 1965 #1 hit singleYou've Lost That Lovin' Feelin'
26.1%
Hint Answer % Correct
Early comedy from William ShakespeareLoves Labours Lost
19.4%
The album and single from the band Air SupplyLost In Love
14.3%
Bon Jovi's 10th studio album, perhaps David Lynch is a fanLost Highway
11.2%
1991 Neil Simon playLost in Yonkers
9.8%
1933 novel from James HiltonLost Horizon
7%
Halle Berry and Benicio del Toro 2007 movieThings We Lost In the Fire
6.3%
2008 console role-playing game for the XBoxLost Odyssey
3.1%
Video game series from Blizzard Entertainment The Lost Vikings
3%
1995 French drama by Marc Caro and Jean-Pierre JeunetThe City of Lost Children
2%

You're not logged in!

Compare scores with friends on all Sporcle quizzes.
OR
Log In

Sporcle TV

Today on Sporcle TV


Watch our educational content, quiz creation guides, and fun videos on Sporcle TV.

Show Comments

Extras

Top Quizzes Today


Score Distribution

Your Account Isn't Verified!

In order to create a playlist on Sporcle, you need to verify the email address you used during registration. Go to your Sporcle Settings to finish the process.

Report this User

Report this user for behavior that violates our Community Guidelines.

Details: